US States by Population-1800 - Statistics

General Stats
  • This quiz has been taken 776 times
  • The average score is 10 of 16
Answer Stats
Population State % Correct
886,149 Virginia
99%
586,050 New York
93%
602,545 Pennsylvania
89%
478,103 North Carolina
83%
345,591 South Carolina
75%
422,845 Massachusetts
73%
321,624 Maryland
68%
251,002 Connecticut
63%
211,149 New Jersey
55%
64,273 Delaware
52%
162,686 Georgia
51%
183,858 New Hampshire
51%
69,122 Rhode Island
50%
220,959 Kentucky
49%
154,465 Vermont
47%
105,602 Tennessee
35%
No matching quizzes found
Score Distribution
Percent of People with Each Score
Percentile by Number Answered
Your Score History
You have not taken this quiz